Průmyslová práva - od nuly. Začít novými zákony. Kvalitu výrobku nenahradí ochranná známka.

Ochrana priemyselného vlastníctva. Nadväzovanie na tradície medzivojnového patentového práva a na legislatívu ES. Uzatváranie medzinárodných zmlúv - nadväznosť na priemyselné právo svetovej ekonomiky. Zmluva o patentovej spolupráci. Záujem malých a stredných podnikateľov o zavedenie ochranných známo...

Full description

Saved in:
Bibliographic Details
Main Author: Pitra, V.
Other Authors: Barvínek, I.
Format: Book Chapter
Language:Czech
Subjects:
Tags: Add Tag
No Tags, Be the first to tag this record!

MARC

LEADER 00000naa a2200000 4500
001 r012395
005 20220826094021.1
041 0 |a cze 
044 |a CZ 
245 1 0 |a Průmyslová práva - od nuly.  |b Začít novými zákony. Kvalitu výrobku nenahradí ochranná známka.  |c V. Pitra, I. Barvínek 
520 |a Ochrana priemyselného vlastníctva. Nadväzovanie na tradície medzivojnového patentového práva a na legislatívu ES. Uzatváranie medzinárodných zmlúv - nadväznosť na priemyselné právo svetovej ekonomiky. Zmluva o patentovej spolupráci. Záujem malých a stredných podnikateľov o zavedenie ochranných známok. Patentový zákon č. 527/1990 Sb. o vynálezoch a priemyselných vzoroch. Zákon č. 237/1991 Sb. o patentových zástupcoch. Zákon č. 478/92 Sb. o úžitkových vzoroch. 
610 2 0 |a právo priemyselné 
610 2 0 |a právo obchodné 
610 2 0 |a zmluvy medzinárodné 
610 2 0 |a patenty 
610 2 0 |a známky ochranné 
610 2 0 |a vzory priemyselné 
610 2 0 |a zákony 
610 2 0 |a Čechy 
610 2 0 |a 1990 
610 2 0 |a 1991 
610 2 0 |a 1992 
100 1 |a Pitra, V. 
700 1 |a Barvínek, I.